English Words (and Names) With Diacritics - Statistics

General Stats
  • This quiz has been taken 202 times
    35 since last reset
  • The average score is 19 of 30
Answer Stats
Diacritic Definition Answer % Correct
acute accent (´) A coffee shop or diner café
91%
acute / grave The feeling that one has lived through the present situation before déjà vu
91%
acute accent (´) A woman's family name at birth née
85%
acute accent (´) Document that presents one's background and accomplishments résumé
85%
acute accent (´) To cook with a small amount oil or fat over high heat sauté
85%
umlaut (¨) "Over" or "above" über
85%
umlaut (¨) A supernatural double of a living person doppelgänger
82%
cedilla (¸) The front part or exterior of a building façade
79%
tilde (˜) Medium-sized chile pepper of the species Capsicum annuum jalapeño
76%
tilde (˜) Decorated container, filled with candy, broken in a celebration piñata
76%
acute accent (´) Exclamation declaring contact in fencing touché
76%
circumflex (ˆ) A manor house or fine country house of nobility château
73%
diaeresis (¨) Describes someone with a lack of experience or sophistication naïve
64%
acute accent (´) Element so overused it has lost its effect or become irritating cliché
61%
acute accent (´) Overthrow of government (a "stroke of state") coup d’état
61%
diaeresis (¨) Like Charlotte, Emily, and Anne Brontë
58%
macron (¯) Polynesian language spoken in New Zealand Māori
58%
acute accent (´) Like Zellweger Renée
58%
acute accent (´) Savory or sweet baked egg-based dish soufflé
58%
diaeresis (¨) Another name for Christmas, or perhaps a given name Noël
55%
acute accent (´) Greek iced coffee drink that can be similar to a milkshake frappé
52%
macron (¯) "Drifter" who is a samurai without a master rōnin
45%
caron (ˇ) Czech automobile manufacturer, subsidiary of Volkswagen Škoda
45%
acute accent (´) Like Knowles-Carter Beyoncé
42%
circumflex (ˆ) Country located on the south coast of West Africa Côte d'Ivoire
42%
grave accent (`) Face-to-face (in comparison with) vis-à-vis
42%
umlaut (¨) European city among the world's largest financial centres Zürich
42%
diaeresis (¨) Female first name of Greek origin, meaning "life" Zoë
39%
diaeresis (¨) Female name meaning "blooming" or "fertility" in Greek (e.g. Sevigny) Chloë
33%
umlaut (¨) Unit of measurement for exposure to radiation röntgen
33%
No matching quizzes found
Score Distribution
Percent of People with Each Score
Percentile by Number Answered
Your Score History
You have not taken this quiz since the last reset